000
00337nam a2200133Ia 4500
008
151001s9999||||xx |||||||||||||| ||und||
100
_a
शैलजा राजे
245
_a
पराधीन आहे जगती
250
_a
1
260
_b
श्री गणराज
260
_c
1976
300
_a
168
365
_b
18
999
_c
959597
_d
959594